Statistics for Phoenix Suns 2017-18 Roster

Click here to take the quiz!

General Stats

  • This quiz has been taken 52 times
    (48 since last reset)
  • The average score is 8 of 18

Answer Stats

NbrPostPlayer% Correct
1GuardDevin Booker
93%
35ForwardDragan Bender
77%
4CenterTyson Chandler
73%
8GuardTyler Ulis
70%
0ForwardMarquese Chriss
63%
20ForwardJosh Jackson
60%
21CenterAlex Len
53%
12ForwardTJ Warren
43%
11GuardBrandon Knight
40%
55GuardMike James
33%
3ForwardJared Dudley
33%
30GuardTroy Daniels
30%
10Forward-GuardDerrick Jones, Jr.
27%
15Forward-CenterAlan Williams
27%
CenterGreg Monroe
23%
-Head CoachJay Triano
17%
25ForwardAlec Peters
7%
32GuardDavon Reed
3%

Score Distribution

Percentile by Number Answered

Percent of People with Each Score

Your Score History

You have not taken this quiz since the last reset